000 00904nam a22002417a 4500
005 20220712165823.0
008 220712b ||||| |||| 00| 0 eng d
020 _a8174764038
040 _cAL
041 _aEnglish
082 _223
_a330.954
_bJALI
100 _aBimal Jalan
_948485
245 _aIndias Economy in the New Millennium: Selected Essays
260 _aNew Delhi
_bUBS Publishers Distributors Pvt Ltd
_c2002
300 _axxxi,239 p.
_bHB
_c22.5x14.5 cm.
365 _b₹395.00
_c
_d₹395.00
520 _aEssays on micro, macro economics by a leading Indian economist. includes papers on globalization, exchance issues, and banking. Focus on India, but plenty of comparative analysis. balanced, readable account
650 _aIndia
_948486
650 _aEconomic development
_948487
650 _aEconomic history
_948488
700 _aJALAN (Bimal)
_948489
942 _2ddc
_cGF
999 _c223718
_d223718